<?xml version="1.0" encoding="UTF-8" ?>
<collection xmlns="http://www.loc.gov/MARC21/slim"><record><leader>00738nam a2200193 c 4500</leader><controlfield tag="001">176178</controlfield><controlfield tag="003">Zü176</controlfield><controlfield tag="005">20170803140852.0</controlfield><datafield tag="035" ind1=" " ind2=" "><subfield code="a">(OCoLC)952985744</subfield></datafield><datafield tag="041" ind1=" " ind2=" "><subfield code="a">ger</subfield></datafield><datafield tag="100" ind1="1" ind2="0"><subfield code="a">Morach, Otto</subfield></datafield><datafield tag="245" ind1="0" ind2="0"><subfield code="a">Brief, Tit Sekretariat des Kunsthauses, Zürich.</subfield><subfield code="c">Mit grösster Hochachtung Otto Morach, Solothurn Forst. 5. IV. 18.</subfield><subfield code="h">Manuskript</subfield></datafield><datafield tag="260" ind1=" " ind2=" "><subfield code="a">Solothurn</subfield><subfield code="c">1918</subfield></datafield><datafield tag="300" ind1=" " ind2=" "><subfield code="a">1 Blatt</subfield><subfield code="c">27,4 x 20,7 cm</subfield></datafield><datafield tag="600" ind1="1" ind2="7"><subfield code="a">Morach, Otto</subfield><subfield code="d">1887-1973</subfield><subfield code="x">Brief</subfield><subfield code="x">Handschrift</subfield><subfield code="2">gnd</subfield></datafield><datafield tag="610" ind1="2" ind2="7"><subfield code="a">Kunsthaus Zürich</subfield><subfield code="x">Ausstellung</subfield><subfield code="x">Geschäftsbrief</subfield><subfield code="2">gnd</subfield></datafield><datafield tag="710" ind1="2" ind2="0"><subfield code="a">Kunsthaus Zürich</subfield><subfield code="e">Adressat</subfield></datafield><datafield tag="852" ind1="4" ind2="0"><subfield code="a">CH-000273-5</subfield><subfield code="c">10.30.30.164a.morach.19180405</subfield></datafield><datafield tag="856" ind1="4" ind2="1"><subfield code="u">https://digital.kunsthaus.ch:443/viewer/image/176178/1/</subfield><subfield code="y">Kunsthaus Zürich Sammlungen online</subfield></datafield></record></collection>